Statistics for Eurovision Song Lyrics - Belgium

Click here to take the quiz!

General Stats

  • This quiz has been taken 19 times
  • The average score is 194 of 292

Answer Stats

Answer% Correct
(I
94%
I
94%
the
94%
a
82%
Because
82%
because
82%
of—
82%
of
82%
on...
82%
on)
82%
on
82%
world
82%
you...
82%
You
82%
you
82%
all
76%
And
76%
and
76%
carry
76%
crazy
76%
crazy)
76%
going,
76%
(going
76%
going
76%
got
76%
me
76%
to
76%
when
76%
When
76%
(When
76%
it's
71%
us
71%
us?
71%
we
71%
celebrate
59%
good
59%
I'll
59%
I'm
59%
then
59%
they
59%
too
59%
at
53%
is
53%
know
53%
life
53%
my
53%
now
53%
Now
53%
Remember
53%
thing
53%
time
53%
'Cause
47%
done
47%
enough"?
47%
for
47%
look
47%
not
47%
said
47%
Said
47%
things
47%
told
47%
Told
47%
Well,
47%
Your
47%
"You're
47%
day,
41%
did
41%
fire
41%
higher
41%
into
41%
love
41%
never
41%
right
41%
short
41%
strong
41%
sure
41%
than
41%
break
35%
brighter
35%
came
35%
despite
35%
much
35%
myself
35%
take
35%
They'll
35%
this
35%
tried
35%
will
35%
yesterday
35%
feeling
29%
keep
29%
more
29%
(Yeah,
29%
(Yeah)
29%
Yeah,
29%
yeah
29%
bit
24%
harder
24%
kill
24%
wild
24%
baby,
18%
Oh...
18%
See,
18%
woo)
18%
Hey,
12%
ay
0%
changing
0%

Score Distribution

Percentile by Number Answered

Percent of People with Each Score

Your Score History

You have not taken this quiz